003740000a22001090004500090001700000245010600017041001400123100003600137942001300173773006100186999001700247 aASbSeriadas10aCrecimiento de neonatos y juveniles de Caiman sclerops fuscus cope 1868 ()0 aEspañol1 aRodríguez M., Miguel A.94319 cARTICULO1 tLozania: Acta Zoológica Colombiana3375h55q1-8d1988 c15199d15199